[Event "EU-ch Blitz"]
[Site "Katowice"]
[Date "2021.12.17"]
[Round "16"]
[White "Piesik, Piotr"]
[Black "Zima, Teofil"]
[Result "1-0"]
[WhiteElo "2407"]
[BlackElo "2020"]
[PlyCount "53"]
[EventDate "2021.12.17"]
[EventType "swiss (blitz)"]
[EventRounds "22"]
[EventCountry "POL"]
[SourceTitle "CBM 205 Extra"]
[Source "ChessBase"]
[SourceDate "2022.01.31"]
[SourceVersion "1"]
[SourceVersionDate "2022.01.31"]
[SourceQuality "1"]

1. Nf3 c5 2. g3 b6 3. Bg2 Bb7 4. 0-0 g6 5. c4 Bg7 6. Nc3 Nf6 7. d3 0-0 8. e4 d6 9. Ne1 e6 10. e5 Bxg2 11. exf6 Bxf1 12. fxg7 Kxg7 13. Kxf1 Nc6 14. f4 d5 15. Nf3 Qd6 16. Qe2 Rad8 17. b3 f5 18. Bb2 d4 19. Nd1 Rde8 20. Ne5 Nxe5 21. Qxe5+ Qxe5 22. fxe5 a5 23. Nf2 g5 24. Bc1 Kg6 25. Bd2 h6 26. Rb1 Rb8 27. a3 1-0

[Event "Rubinstein Memorial op-A 57th"]
[Site "Polanica Zdroj"]
[Date "2021.08.17"]
[Round "4"]
[White "Szyszylo, Rafal"]
[Black "Zima, Teofil"]
[Result "0-1"]
[WhiteElo "2179"]
[BlackElo "1994"]
[PlyCount "60"]
[EventDate "2021.08.14"]
[EventType "swiss"]
[EventRounds "9"]
[EventCountry "POL"]
[SourceTitle "CBM 203 Extra"]
[Source "ChessBase"]
[SourceDate "2021.09.30"]
[SourceVersion "1"]
[SourceVersionDate "2021.09.30"]
[SourceQuality "1"]

1. e4 c5 2. Nf3 d6 3. d4 cxd4 4. Nxd4 Nf6 5. Nc3 Nc6 6. Bc4 Qb6 7. Nb3 e6 8. Bf4 Ne5 9. Be2 Qc7 10. Qd2 a6 11. 0-0-0 Bd7 12. Bg5 b5 13. f4 Nc4 14. Bxc4 bxc4 15. Nd4 Be7 16. Nf3 Bc6 17. e5 Bxf3 18. gxf3 dxe5 19. fxe5 Qxe5 20. Bxf6 Bxf6 21. Rhe1 Qb8 22. Qd7+ Kf8 23. Re4 g6 24. Rxc4 Kg7 25. Rc7 Rf8 26. Na4 Qb4 27. Qc6 Rfd8 28. Rcd7 Rxd7 29. Qxd7 Rd8 30. c3 Qf4+ 0-1

[Event "Rubinstein Memorial op-A 57th"]
[Site "Polanica Zdroj"]
[Date "2021.08.15"]
[Round "2"]
[White "Bartodziej, Bartosz"]
[Black "Zima, Teofil"]
[Result "1-0"]
[WhiteElo "1844"]
[BlackElo "1994"]
[PlyCount "85"]
[EventDate "2021.08.14"]
[EventType "swiss"]
[EventRounds "9"]
[EventCountry "POL"]
[SourceTitle "CBM 203 Extra"]
[Source "ChessBase"]
[SourceDate "2021.09.30"]
[SourceVersion "1"]
[SourceVersionDate "2021.09.30"]
[SourceQuality "1"]

1. e4 c5 2. Nf3 Nc6 3. d4 cxd4 4. Nxd4 g6 5. Nc3 Bg7 6. Be3 Nf6 7. Bc4 0-0 8. Bb3 d6 9. h3 Na5 10. 0-0 a6 11. f4 Nxb3 12. axb3 d5 13. e5 Ne4 14. Nxe4 dxe4 15. Qe2 b6 16. Nb5 Bb7 17. Rad1 Qc8 18. Nc3 Qe6 19. Na4 b5 20. Nc5 Qc6 21. Nxb7 Qxb7 22. Bd4 f5 23. exf6 exf6 24. f5 gxf5 25. Rxf5 Rfe8 26. Qg4 Rad8 27. c3 e3 28. Re1 Qe4 29. Rf4 Qg6 30. Qf3 f5 31. Bxg7 Kxg7 32. Rxf5 Rd3 33. Rf1 Rd2 34. Rf7+ Kg8 35. Rf8+ Kg7 36. Rf7+ Kg8 37. Rf8+ Kg7 38. Qb7+ Kh6 39. R8f6 e2 40. Rxg6+ hxg6 41. Re1 Rd1 42. Kf2 Rf8+ 43. Kxe2 1-0

[Event "Lezajsk Merlin 1st"]
[Site "Lezajsk"]
[Date "2021.08.08"]
[Round "6"]
[White "Trybus, Daniel"]
[Black "Zima, Teofil"]
[Result "1/2-1/2"]
[WhiteElo "1972"]
[BlackElo "1994"]
[PlyCount "37"]
[EventDate "2021.08.04"]
[EventType "swiss"]
[EventRounds "9"]
[EventCountry "POL"]
[SourceTitle "CBM 203 Extra"]
[Source "ChessBase"]
[SourceDate "2021.09.30"]
[SourceVersion "1"]
[SourceVersionDate "2021.09.30"]
[SourceQuality "1"]

1. e4 c5 2. Nf3 d6 3. d4 cxd4 4. Nxd4 Nf6 5. Nc3 Nc6 6. f3 e5 7. Nb3 Be6 8. Be3 d5 9. exd5 Nxd5 10. Nxd5 Qxd5 11. Qxd5 Bxd5 12. 0-0-0 0-0-0 13. Bb5 a6 14. Bxc6 Bxc6 15. Na5 Rxd1+ 16. Rxd1 Kc7 17. Nxc6 bxc6 18. c4 Be7 19. Kc2 1/2-1/2

[Event "Lezajsk Merlin 1st"]
[Site "Lezajsk"]
[Date "2021.08.08"]
[Round "7"]
[White "Zima, Teofil"]
[Black "Licznerski, Lukasz"]
[Result "0-1"]
[WhiteElo "1994"]
[BlackElo "2401"]
[PlyCount "96"]
[EventDate "2021.08.04"]
[EventType "swiss"]
[EventRounds "9"]
[EventCountry "POL"]
[SourceTitle "CBM 203 Extra"]
[Source "ChessBase"]
[SourceDate "2021.09.30"]
[SourceVersion "1"]
[SourceVersionDate "2021.09.30"]
[SourceQuality "1"]

1. e4 c6 2. Nc3 d5 3. Nf3 Nf6 4. e5 Ne4 5. Be2 e6 6. 0-0 c5 7. Nb1 Be7 8. d3 Ng5 9. Nxg5 Bxg5 10. Bxg5 Qxg5 11. f4 Qe7 12. c3 Nc6 13. Nd2 Bd7 14. Nf3 h6 15. Qd2 0-0 16. d4 b5 17. Qe3 c4 18. a3 a5 19. g4 b4 20. Kg2 bxc3 21. bxc3 Rab8 22. Bd1 Rb2+ 23. Kg3 f5 24. exf6 Qxf6 25. Qc1 Rfb8 26. Bc2 Be8 27. Rf2 Bg6 28. g5 Rxc2 29. Qxc2 Qf7 30. Qc1 Bf5 31. h4 Rb3 32. Rb2 Qh5 33. Rxb3 Qg4+ 34. Kf2 cxb3 35. Ke3 Be4 36. Qf1 Ne7 37. Ne5 Qg3+ 38. Kd2 Nf5 39. Re1 Qh2+ 40. Re2 Ng3 41. Rxh2 Nxf1+ 42. Kc1 Nxh2 43. a4 Nf3 44. Nc6 Ne1 45. Nxa5 Bc2 46. Nc6 Nd3+ 47. Kd2 Nb2 48. a5 Nc4+ 0-1

[Event "Lezajsk Merlin 1st"]
[Site "Lezajsk"]
[Date "2021.08.06"]
[Round "4"]
[White "Bojczewski, Mateusz"]
[Black "Zima, Teofil"]
[Result "0-1"]
[WhiteElo "1922"]
[BlackElo "1994"]
[PlyCount "74"]
[EventDate "2021.08.04"]
[EventType "swiss"]
[EventRounds "9"]
[EventCountry "POL"]
[SourceTitle "CBM 203 Extra"]
[Source "ChessBase"]
[SourceDate "2021.09.30"]
[SourceVersion "1"]
[SourceVersionDate "2021.09.30"]
[SourceQuality "1"]

1. c4 g6 2. g3 Bg7 3. Bg2 d6 4. d4 Nf6 5. Nc3 0-0 6. e3 Nc6 7. Nge2 Bd7 8. 0-0 Qc8 9. a3 a5 10. Nf4 e5 11. dxe5 Nxe5 12. b3 a4 13. Bb2 axb3 14. Qxb3 Bc6 15. Ncd5 Nxd5 16. Nxd5 Bxd5 17. Bxd5 c6 18. Bg2 Nd7 19. Bxg7 Kxg7 20. Rfd1 Qc7 21. Qd3 Nc5 22. Qd4+ Kg8 23. Qxd6 Qxd6 24. Rxd6 Ra4 25. Bf1 Rfa8 26. Kg2 Kf8 27. Kf3 Ke7 28. Rdd1 Rxa3 29. Rxa3 Rxa3 30. Rb1 Ra2 31. h4 h5 32. e4 Kd6 33. Rd1+ Ke5 34. Ke3 Ra3+ 35. Bd3 b5 36. f4+ Kd6 37. Kd4 Ne6+ 0-1

[Event "Katowice POL-HUN 9th"]
[Site "Katowice"]
[Date "2021.07.03"]
[Round "4"]
[White "Jakubowski, Krzysztof"]
[Black "Zima, Teofil"]
[Result "1-0"]
[WhiteElo "2497"]
[BlackElo "2004"]
[PlyCount "97"]
[EventDate "2021.07.03"]
[EventType "swiss (rapid)"]
[EventRounds "9"]
[EventCountry "POL"]
[SourceTitle "CBM 203 Extra"]
[Source "ChessBase"]
[SourceDate "2021.09.30"]
[SourceVersion "1"]
[SourceVersionDate "2021.09.30"]
[SourceQuality "1"]

1. e4 c5 2. Nf3 Nc6 3. d4 cxd4 4. Nxd4 Nf6 5. Nc3 d6 6. Bg5 e6 7. Qd2 a6 8. 0-0-0 Bd7 9. f4 b5 10. Bxf6 gxf6 11. Nce2 Qb6 12. Kb1 Rg8 13. f5 Nxd4 14. Nxd4 e5 15. Ne2 Qf2 16. Qd3 Rc8 17. Nc3 Bc6 18. a3 Qc5 19. g3 Rd8 20. Be2 Bh6 21. Qf3 Be3 22. Nd5 Bxd5 23. Rxd5 Qb6 24. Rd3 Bg5 25. Rhd1 Ke7 26. Rb3 Rb8 27. c4 Qa5 28. cxb5 axb5 29. Qd3 Rgd8 30. Qd5 Rb6 31. Rxb5 Rxb5 32. Bxb5 Kf8 33. Bc4 Qc7 34. Rd3 Kg7 35. h4 Bh6 36. Rb3 Rd7 37. Ka2 Qa7 38. Qb5 Rc7 39. Bd5 Bd2 40. Qe8 Re7 41. Qb8 Qa5 42. Rb7 Rxb7 43. Qxb7 Qd8 44. Qxf7+ Kh6 45. g4 Be1 46. Qh5+ Kg7 47. g5 Qe7 48. Qh6+ Kh8 49. gxf6 1-0

[Event "Krakow Malopolska-ch"]
[Site "Krakow"]
[Date "2021.06.05"]
[Round "6"]
[White "Kokoszczynski, Jan"]
[Black "Zima, Teofil"]
[Result "1/2-1/2"]
[WhiteElo "2236"]
[BlackElo "1968"]
[PlyCount "99"]
[EventDate "2021.06.03"]
[EventType "swiss"]
[EventRounds "7"]
[EventCountry "POL"]
[SourceTitle "CBM 202 Extra"]
[Source "ChessBase"]
[SourceDate "2021.07.31"]
[SourceVersion "1"]
[SourceVersionDate "2021.07.31"]
[SourceQuality "1"]

1. d4 e6 2. c4 f5 3. Nc3 Nf6 4. Nf3 d5 5. Bf4 c6 6. e3 Bd6 7. Ne5 0-0 8. Bd3 Ne4 9. h4 Bb4 10. Bxe4 fxe4 11. Qg4 c5 12. dxc5 Qf6 13. 0-0 Bxc3 14. bxc3 Nd7 15. Qg3 dxc4 16. Rad1 Nxc5 17. Ng4 Qg6 18. Bd6 Nd3 19. Bxf8 Kxf8 20. Qd6+ Ke8 21. Ne5 Qf6 22. Nxd3 exd3 23. Qc7 Qxh4 24. Qxg7 Qe7 25. Qxe7+ Kxe7 26. f3 Bd7 27. Kf2 Ba4 28. Rd2 Rg8 29. Rh1 Rg7 30. e4 b5 31. a3 a5 32. Rh5 Kd6 33. Ke3 Rb7 34. Rb2 Bb3 35. Kd2 Rg7 36. g4 Rf7 37. Ke3 Rb7 38. f4 b4 39. axb4 axb4 40. cxb4 Rxb4 41. Kd4 Rb7 42. e5+ Kc6 43. f5 Rg7 44. Kc3 Rxg4 45. fxe6 Rg7 46. Rf2 Re7 47. Rh6 Kd5 48. Rf7 Rxe6 49. Rxe6 Kxe6 50. Rxh7 1/2-1/2

[Event "Krakow Malopolska-ch"]
[Site "Krakow"]
[Date "2021.06.03"]
[Round "2"]
[White "Gahan, MG."]
[Black "Zima, Teofil"]
[Result "1-0"]
[WhiteElo "2265"]
[BlackElo "1968"]
[PlyCount "143"]
[EventDate "2021.06.03"]
[EventType "swiss"]
[EventRounds "7"]
[EventCountry "POL"]
[SourceTitle "CBM 202 Extra"]
[Source "ChessBase"]
[SourceDate "2021.07.31"]
[SourceVersion "1"]
[SourceVersionDate "2021.07.31"]
[SourceQuality "1"]

1. e4 c5 2. c3 Nf6 3. e5 Nd5 4. d4 cxd4 5. cxd4 d6 6. Nf3 Nc6 7. Bc4 e6 8. 0-0 Be7 9. a3 0-0 10. Qe2 Na5 11. Ba2 b5 12. Qxb5 Bd7 13. Qa6 Qb6 14. Qxb6 axb6 15. b4 Nc6 16. Bb2 Nc7 17. Rc1 Rfc8 18. Nbd2 d5 19. Bb3 Ra7 20. Rc2 b5 21. Rac1 Na8 22. Nb1 Nb6 23. Kf1 Nc4 24. Bxc4 bxc4 25. g4 Rb7 26. Ng1 Bxb4 27. axb4 Nxb4 28. Nc3 Nd3 29. Ba3 Nxc1 30. Rxc1 Rb3 31. Bd6 f6 32. Nge2 Be8 33. f4 fxe5 34. dxe5 Rb2 35. Kg1 Rd2 36. Rd1 Rd3 37. Bb4 Rb8 38. Bc5 Rxd1+ 39. Nxd1 Rb1 40. Nec3 Ra1 41. Kf2 Ba4 42. Ne3 Bc6 43. Bd4 Kf7 44. f5 Ra3 45. Kg3 Rb3 46. Kf4 Ra3 47. h4 Rb3 48. h5 Ra3 49. Nc2 Rb3 50. Ne1 Ra3 51. Nf3 h6 52. f6 g5+ 53. hxg6+ Kxg6 54. g5 hxg5+ 55. Nxg5 Bd7 56. f7 Ra8 57. Bc5 Kg7 58. Ne2 Rc8 59. Be7 Ra8 60. Nd4 Rc8 61. Ke3 Kg6 62. Ndf3 Kg7 63. Bf6+ Kg6 64. Be7 Kg7 65. Kd4 Ba4 66. f8Q+ Rxf8 67. Nxe6+ Kf7 68. Bxf8 Kxe6 69. Bb4 Bc2 70. Bc3 Bd1 71. Ne1 Bg4 72. Ng2 1-0

[Event "Poronin Tatra Limba op"]
[Site "Poronin"]
[Date "2021.05.28"]
[Round "9"]
[White "Zima, Teofil"]
[Black "Wikar, Martyna"]
[Result "1-0"]
[WhiteElo "1893"]
[BlackElo "2151"]
[PlyCount "91"]
[EventDate "2021.05.22"]
[EventType "swiss"]
[EventRounds "9"]
[EventCountry "POL"]
[SourceTitle "EXT 2022"]
[Source "ChessBase"]
[SourceDate "2021.10.06"]
[SourceVersion "1"]
[SourceVersionDate "2021.10.06"]
[SourceQuality "1"]

1. e4 c5 2. Nf3 a6 3. c3 d5 4. exd5 Qxd5 5. d4 Nf6 6. Be3 cxd4 7. cxd4 e6 8. Nc3 Qd6 9. Bd3 Nc6 10. a3 Be7 11. 0-0 0-0 12. h3 b5 13. Rc1 Bb7 14. b4 Rac8 15. Bb1 Rfd8 16. Qd3 g6 17. Rfd1 Kg7 18. Qe2 Qb8 19. Ng5 Nd5 20. Qf3 Nf6 21. Qe2 Ba8 22. Ba2 Qb7 23. f3 Nd5 24. Nxd5 exd5 25. f4 a5 26. f5 Bxg5 27. Bxg5 f6 28. Be3 axb4 29. axb4 Nxb4 30. Bb1 Nc6 31. fxg6 hxg6 32. Rc5 b4 33. Rb5 Qe7 34. Qd3 f5 35. Re1 Qd6 36. Qd2 Re8 37. Rc1 Qe6 38. Re1 Kh7 39. Qf2 Qf7 40. Ba2 Rcd8 41. Bg5 Rxe1+ 42. Qxe1 Rd7 43. Qh4+ Kg7 44. Qh6+ Kg8 45. Rxd5 Rxd5 46. Bf6 1-0

[Event "Poronin Tatra Limba op"]
[Site "Poronin"]
[Date "2021.05.26"]
[Round "6"]
[White "Czerw, Dawid"]
[Black "Zima, Teofil"]
[Result "1-0"]
[WhiteElo "2278"]
[BlackElo "1893"]
[PlyCount "101"]
[EventDate "2021.05.22"]
[EventType "swiss"]
[EventRounds "9"]
[EventCountry "POL"]
[SourceTitle "EXT 2022"]
[Source "ChessBase"]
[SourceDate "2021.10.06"]
[SourceVersion "1"]
[SourceVersionDate "2021.10.06"]
[SourceQuality "1"]

1. d4 Nf6 2. c4 g6 3. Nc3 Bg7 4. e4 d6 5. Be2 0-0 6. Nf3 e5 7. Be3 exd4 8. Nxd4 Re8 9. f3 c6 10. Bf2 d5 11. exd5 cxd5 12. 0-0 Nc6 13. c5 Bf8 14. Kh1 Bd7 15. Qd2 Rc8 16. Nxc6 bxc6 17. Ba6 Rb8 18. Ne2 Bc8 19. Bd3 Nd7 20. Nd4 Qf6 21. b4 Ne5 22. Rab1 a6 23. Rfe1 Bb7 24. Bf1 Rbd8 25. a4 h6 26. Qc2 Nd7 27. Nb3 Bc8 28. Bd4 Qf4 29. Qc3 Re6 30. Na5 Rxe1 31. Rxe1 Qc7 32. Bd3 h5 33. Qd2 Bg7 34. Bxg6 Nxc5 35. Bxf7+ Kxf7 36. Bxc5 Bf6 37. Qc2 Rh8 38. Bf2 Bd7 39. Qd3 Qf4 40. Bc5 h4 41. Qe3 Qf5 42. Nb7 Kg6 43. Nd6 Qc2 44. Bd4 Bg5 45. f4 h3 46. Rg1 hxg2+ 47. Rxg2 Qd1+ 48. Rg1 Rxh2+ 49. Kxh2 Qh5+ 50. Kg2 Bh4 51. f5+ 1-0

[Event "Poronin Tatra Limba op"]
[Site "Poronin"]
[Date "2021.05.25"]
[Round "5"]
[White "Zima, Teofil"]
[Black "Mis, Mieszko"]
[Result "1/2-1/2"]
[WhiteElo "1893"]
[BlackElo "2365"]
[PlyCount "114"]
[EventDate "2021.05.22"]
[EventType "swiss"]
[EventRounds "9"]
[EventCountry "POL"]
[SourceTitle "EXT 2022"]
[Source "ChessBase"]
[SourceDate "2021.10.06"]
[SourceVersion "1"]
[SourceVersionDate "2021.10.06"]
[SourceQuality "1"]

1. e4 c5 2. Nf3 e6 3. g3 Nc6 4. Bg2 Nf6 5. Qe2 d5 6. exd5 Nxd5 7. 0-0 Be7 8. Rd1 Qb6 9. Na3 0-0 10. Nc4 Qa6 11. d3 Rd8 12. c3 Bd7 13. h4 Rac8 14. h5 h6 15. Bd2 Be8 16. Bh3 b5 17. Nce5 Nf6 18. g4 Qb7 19. Bf4 Nxe5 20. Nxe5 Nd5 21. Bg3 Bg5 22. Bg2 Qe7 23. Qe4 Qf6 24. Nf3 Nf4 25. Nxg5 hxg5 26. Qe3 Bc6 27. Be4 e5 28. f3 Qd6 29. Bxf4 exf4 30. Qe2 a5 31. Kf2 Rc7 32. Qc2 Qe6 33. Re1 Bxe4 34. Rxe4 Qd6 35. Rd1 Re7 36. d4 Red7 37. Rde1 Qb8 38. Qd3 cxd4 39. Rxd4 Qb6 40. Kg2 Rxd4 41. cxd4 Qc6 42. Re5 Qc4 43. Qxc4 bxc4 44. Rxa5 Rxd4 45. Rb5 f6 46. Kf1 Rd2 47. a4 Rc2 48. Rb8+ Kh7 49. a5 c3 50. bxc3 Rxc3 51. Ke2 Re3+ 52. Kf2 Ra3 53. Ra8 Ra2+ 54. Ke1 Ra3 55. Ke2 Ra2+ 56. Ke1 Ra3 57. Ke2 Ra2+ 1/2-1/2

[Event "POL-ch rapid"]
[Site "Trzcianka"]
[Date "2020.10.18"]
[Round "8"]
[White "Zima, Teofil"]
[Black "Sieciechowicz, Marcin"]
[Result "0-1"]
[WhiteElo "1897"]
[BlackElo "2386"]
[PlyCount "92"]
[EventDate "2020.10.18"]
[EventType "swiss (rapid)"]
[EventRounds "9"]
[EventCountry "POL"]
[SourceTitle "CBM 198 Extra"]
[Source "ChessBase"]
[SourceDate "2020.11.30"]
[SourceVersion "1"]
[SourceVersionDate "2020.11.30"]
[SourceQuality "1"]

1. e4 e6 2. f4 d5 3. e5 c5 4. Nf3 f5 5. exf6 Nxf6 6. d4 Nc6 7. c3 Bd6 8. g3 0-0 9. Bg2 Qb6 10. 0-0 cxd4 11. cxd4 e5 12. fxe5 Nxe5 13. Kh1 Nxf3 14. Bxf3 Bh3 15. Bg2 Bg4 16. Qd3 Ne4 17. Kg1 Rxf1+ 18. Bxf1 Bf5 19. Qe3 Re8 20. Nc3 Nf6 21. Nxd5 Rxe3 22. Nxb6 Re1 23. Kf2 Rxf1+ 24. Kxf1 axb6 25. Bd2 Kf7 26. Rc1 Ke6 27. a3 Kd5 28. Bf4 Bxf4 29. gxf4 Ne8 30. Rd1 Nd6 31. Kf2 Nc4 32. Re1 Be4 33. Rg1 g6 34. Rg5+ Bf5 35. h4 Nxb2 36. h5 Nc4 37. h6 Nxa3 38. Rg1 b5 39. Re1 Be4 40. Kg3 b4 41. Kh4 b3 42. Re2 Nc4 43. Kg5 b2 44. Rxb2 Nxb2 45. Kf6 b5 46. Kg7 g5 0-1

[Event "POL-chT U19 2nd League"]
[Site "Borowice"]
[Date "2012.07.21"]
[Round "1"]
[White "Zmarzly, Aleksandra"]
[Black "Zima, Teofil"]
[Result "0-1"]
[WhiteElo "2049"]
[BlackElo "1830"]
[PlyCount "74"]
[EventDate "2012.07.21"]
[EventType "team-swiss"]
[EventRounds "11"]
[EventCountry "POL"]
[SourceTitle "EXT 2014"]
[Source "ChessBase"]
[SourceDate "2013.11.20"]
[SourceVersion "1"]
[SourceVersionDate "2013.11.20"]
[SourceQuality "1"]
[WhiteTeam "Legnica Miedz U19"]
[BlackTeam "Gorlice GKSz Kornuty U19"]
[WhiteTeamCountry "POL"]
[BlackTeamCountry "POL"]

1. d4 Nf6 2. c4 c5 3. d5 e5 4. Nc3 d6 5. e4 Be7 6. Bd3 0-0 7. Nge2 Ne8 8. 0-0 Bg5 9. Ng3 g6 10. Nce2 Ng7 11. Bd2 Nd7 12. Bc3 Qe7 13. Qc2 h5 14. Rfe1 Nf6 15. a3 h4 16. Nf1 h3 17. Nd2 hxg2 18. Nf3 Nfh5 19. Bd2 Bxd2 20. Qxd2 Bg4 21. Qe3 Qf6 22. Kxg2 Nf4+ 23. Nxf4 exf4 24. e5 fxe3 25. exf6 exf2 26. Kxf2 Nh5 27. Re7 Nxf6 28. Ng5 Bd7 29. b4 cxb4 30. Rae1 Rae8 31. Rxe8 Rxe8 32. Rg1 Ng4+ 33. Kg2 Ne5 34. Rd1 Bg4 35. Rd2 Nxd3 36. Rxd3 Be2 37. Rc3 bxc3 0-1

[Event "POL-chT U19 2nd League"]
[Site "Chelm Lubelski"]
[Date "2010.07.13"]
[Round "10"]
[White "Chmielarz, Maciej"]
[Black "Zima, Teofil"]
[Result "0-1"]
[WhiteElo "1722"]
[BlackElo "1841"]
[PlyCount "94"]
[EventDate "2010.07.06"]
[EventType "team-tourn"]
[EventRounds "11"]
[EventCountry "POL"]
[SourceTitle "EXT 2011"]
[Source "ChessBase"]
[SourceDate "2010.11.26"]
[SourceVersion "1"]
[SourceVersionDate "2010.11.26"]
[SourceQuality "1"]
[WhiteTeam "Ostrow Wielkopolski II"]
[BlackTeam "Gorlice GKSz Kornuty U19"]
[WhiteTeamCountry "POL"]
[BlackTeamCountry "POL"]

1. d4 Nf6 2. c4 e6 3. Nc3 Bb4 4. a3 Bxc3+ 5. bxc3 0-0 6. e3 Nc6 7. Bd3 e5 8. d5 Na5 9. e4 c5 10. Ne2 b6 11. Ng3 Ba6 12. Qe2 Ne8 13. Nh5 Qh4 14. Ng3 Nd6 15. Nf5 Nxf5 16. g3 Qf6 17. h4 Nd6 18. Bg5 Qg6 19. g4 f6 20. Bc1 Bxc4 21. Bxc4 Naxc4 22. f3 b5 23. h5 Qe8 24. g5 f5 25. g6 h6 26. Rg1 f4 27. a4 a6 28. Ba3 Nxa3 29. Rxa3 Qd8 30. Qf2 Qc7 31. Ke2 b4 32. Rb3 Rab8 33. Rc1 bxc3 34. Rbxc3 Rb2+ 35. R1c2 Rxc2+ 36. Rxc2 Rc8 37. Qe1 Qb6 38. Qc3 Re8 39. Qxc5 Qxc5 40. Rxc5 Rc8 41. Ra5 Ra8 42. Rc5 Kf8 43. Rc7 Ke7 44. Kd3 Kd8 45. Rc5 Rc8 46. Ra5 Nb7 47. Rxa6 Nc5+ 0-1

[Event "POL-chT U19 2nd League"]
[Site "Chelm Lubelski"]
[Date "2010.07.09"]
[Round "5"]
[White "Zima, Teofil"]
[Black "Latocha, Aleksander"]
[Result "1/2-1/2"]
[WhiteElo "1841"]
[BlackElo "1929"]
[PlyCount "75"]
[EventDate "2010.07.06"]
[EventType "team-tourn"]
[EventRounds "11"]
[EventCountry "POL"]
[SourceTitle "EXT 2011"]
[Source "ChessBase"]
[SourceDate "2010.11.26"]
[SourceVersion "1"]
[SourceVersionDate "2010.11.26"]
[SourceQuality "1"]
[WhiteTeam "Gorlice GKSz Kornuty U19"]
[BlackTeam "Imielin MKSz Diagonalia U19"]
[WhiteTeamCountry "POL"]
[BlackTeamCountry "POL"]

1. e4 c5 2. Nf3 d6 3. d4 cxd4 4. Nxd4 Nf6 5. Nc3 a6 6. Bg5 e6 7. f4 Be7 8. Qf3 Qc7 9. 0-0-0 Nbd7 10. g4 b5 11. Bxf6 gxf6 12. f5 b4 13. Nce2 e5 14. Nb3 a5 15. Nd2 Ba6 16. Ng3 Rc8 17. Bd3 a4 18. Kb1 a3 19. Nb3 Nb6 20. Rd2 Bxd3 21. Qxd3 Nc4 22. Rg2 axb2 23. h4 Kd7 24. Nh5 Ra8 25. Qd5 Qa7 26. a4 Rhc8 27. Qxf7 Qxa4 28. Nxf6+ Kd8 29. Qg8+ Bf8 30. Qxf8+ Kc7 31. Qf7+ Kb6 32. Nd7+ Kc6 33. Qxc4+ Kxd7 34. Qe6+ Kc6 35. Qd5+ Kd7 36. Kxb2 Qa3+ 37. Kb1 Rc3 38. Rd2 1/2-1/2